[Event "Let's Play Chess!"]
[Site "http://www.queenalice.com/game.php?id=324790"]
[Date "2007.12.23"]
[Round "-"]
[White "moroconvich"]
[Black "CampbellMarcel"]
[Result "1-0"]
[WhiteElo "1178"]
[BlackElo "1877"]

1. e4 e6 2. d4 Be7 3. Nf3 d6 4. Bd3 f6 5. O-O a6 6. c4 c6 7. e5 f5 8. exd6 Bxd6
9. Re1 Ne7 10. Ng5 h6 11. Nxe6 Bxe6 12. Rxe6 O-O 13. Qe2 Rf7 14. Nc3 Qc7 15. g3
Ng6 16. Rxg6 1-0

[Event "Let's Play Chess!"]
[Site "http://www.queenalice.com/game.php?id=324870"]
[Date "2007.12.23"]
[Round "-"]
[White "moroconvich"]
[Black "YouLoseSorry"]
[Result "1-0"]
[WhiteElo "1100"]
[BlackElo "1619"]

1. e4 e5 2. Nf3 d6 3. d4 Nc6 4. Bb5 h6 5. dxe5 dxe5 6. Qxd8+ Kxd8 7. Bxc6 bxc6
8. Nxe5 Ke7 9. Nxc6+ Kd6 10. Nd4 Bb7 11. Nc3 Nf6 12. f3 Kc5 13. Be3 Rd8 14. Ne6+
Kc6 15. Nxd8+ 1-0

[Event "Let's Play Chess!"]
[Site "http://www.queenalice.com/game.php?id=326218"]
[Date "2007.12.27"]
[Round "-"]
[White "moroconvich"]
[Black "Mateusao_99"]
[Result "1-0"]
[WhiteElo "1287"]
[BlackElo "2004"]

1. e4 e5 2. Nf3 Nf6 3. Nxe5 Nc6 4. Nxc6 dxc6 5. d3 Bc5 6. Be2 O-O 7. O-O Qd7 8.
Be3 Bxe3 9. fxe3 Qd6 10. Bf3 Be6 11. Nc3 Rab8 12. Qd2 Ng4 13. Bxg4 Bxg4 14. Rf4
Qd7 15. Raf1 Be6 16. Ne2 h6 17. Nd4 c5 18. Nf5 Rfe8 19. R4f3 Bxf5 20. exf5 f6
21. Rf4 Qe7 22. R1f3 Rbd8 23. Qc3 b5 24. Qb3+ Kh7 25. Qxb5 Rb8 26. Qa4 Rxb2 27.
Re4 Rb1+ 28. Rf1 Rxf1+ 29. Kxf1 1-0

[Event "Let's Play Chess!"]
[Site "http://www.queenalice.com/game.php?id=326244"]
[Date "2007.12.27"]
[Round "-"]
[White "pcescritor"]
[Black "moroconvich"]
[Result "0-1"]
[WhiteElo "1760"]
[BlackElo "1223"]

1. e4 c5 2. Bc4 e6 3. Qf3 Nc6 4. d3 Nd4 5. Qd1 d5 6. c3 dxc4 7. cxd4 cxd3 8.
Qxd3 Qxd4 9. Qb5+ Qd7 10. Qe2 Qc7 11. Nh3 Bd6 12. g3 Ne7 13. Nc3 a6 14. Qg4 Ng6
15. O-O Bd7 16. a3 Bc6 17. Be3 O-O-O 18. Nd5 h5 19. Qf3 exd5 20. exd5 Ne5 21.
Qe4 f5 22. Qxf5+ Bd7 23. Qg5 Nf3+ 0-1

[Event "Let's Play Chess!"]
[Site "http://www.queenalice.com/game.php?id=326859"]
[Date "2007.12.28"]
[Round "-"]
[White "moroconvich"]
[Black "trallala"]
[Result "0-1"]
[WhiteElo "1114"]
[BlackElo "1870"]

1. e4 e5 2. Nf3 Nc6 3. Bb5 a6 4. Bxc6 dxc6 5. O-O Bg4 6. h3 h5 7. d3 Bd6 8. Be3
c5 9. hxg4 hxg4 10. Ng5 Nh6 0-1

[Event "#30 Simultaneous"]
[Site "http://www.queenalice.com/game.php?id=364438"]
[Date "2008.3.2"]
[Round "-"]
[White "Amadeus"]
[Black "moroconvich"]
[Result "1-0"]
[WhiteElo "2545"]
[BlackElo "1287"]

1. d4 d5 2. Nf3 Nc6 3. Bf4 Bg4 4. e3 e6 5. c4 Bb4+ 6. Nc3 Nf6 7. Be2 dxc4 8.
Bxc4 Nd5 9. Bxd5 exd5 10. h3 Bh5 11. O-O O-O 12. Rc1 Qd7 13. Ne5 Nxe5 14. Qxh5
Nd3 15. Nxd5 Nxc1 16. Nxb4 c5 17. Rxc1 cxb4 18. Rc7 Qe6 19. d5 Qa6 20. Be5 Qxa2
21. Kh2 Qb1 22. Rxb7 a5 23. d6 f6 24. Bd4 Qa2 25. Qc5 Rfc8 26. Qf5 Rf8 27. Rc7
Kh8 28. g4 h6 29. f4 Rf7 30. d7 Rd8 31. g5 hxg5 32. fxg5 fxg5 33. Qxg5 1-0

[Event "#39 Simultaneous"]
[Site "http://www.queenalice.com/game.php?id=364447"]
[Date "2008.3.2"]
[Round "-"]
[White "moroconvich"]
[Black "Amadeus"]
[Result "0-1"]
[WhiteElo "1287"]
[BlackElo "2546"]

1. e4 e6 2. d4 d5 3. e5 c5 4. c3 Qb6 5. Nf3 Nc6 6. a3 c4 7. Nbd2 Na5 8. Be2 Bd7
9. O-O Ne7 10. Rb1 Ng6 11. Re1 Be7 12. Qc2 O-O 13. Nf1 Nb3 14. Bg5 Bxg5 15. Nxg5
Qd8 16. Nf3 f6 17. exf6 Qxf6 18. Ne3 Ba4 19. Ng4 Qf4 20. h3 Nc5 21. Qd2 Ne4 22.
Qxf4 Rxf4 23. Bd1 Bxd1 24. Rbxd1 Raf8 25. Re2 h5 26. Ne3 R4f6 27. Rc2 Rxf3 28.
gxf3 Rxf3 29. Ng2 Ng5 30. h4 Nh3+ 31. Kf1 Nhf4 0-1

[Event "Challenge"]
[Site "http://www.queenalice.com/game.php?id=366009"]
[Date "2008.3.5"]
[Round "-"]
[White "gomonkey"]
[Black "moroconvich"]
[Result "0-1"]
[WhiteElo "1100"]
[BlackElo "1223"]

1. e4 e6 2. g3 d5 3. Bg2 Nf6 4. e5 Nfd7 5. d4 c5 6. f4 cxd4 7. Qxd4 Bc5 8. Qd2
Nc6 9. Bxd5 exd5 10. Qxd5 O-O 11. Ne2 Qe7 12. c3 Rd8 13. Qe4 Ndxe5 14. fxe5 Nxe5
15. Nf4 Nd3+ 16. Nxd3 Qxe4+ 17. Kd2 Qxd3+ 0-1

[Event "Challenge"]
[Site "http://www.queenalice.com/game.php?id=366010"]
[Date "2008.3.5"]
[Round "-"]
[White "gomonkey"]
[Black "moroconvich"]
[Result "0-1"]
[WhiteElo "962"]
[BlackElo "1239"]

1. e3 d5 2. d4 Nc6 3. g3 e5 4. c4 exd4 5. exd4 dxc4 6. Bxc4 Bb4+ 7. Nc3 Qxd4 8.
Qd3 Qxd3 9. Bxd3 Nf6 10. Bd2 Bg4 11. h3 O-O-O 12. Bc4 Rhe8+ 13. Be3 Bh5 14. Ne2
Ne5 15. g4 Nxc4 16. Bc1 Bxc3+ 17. bxc3 Bg6 18. Bg5 Bd3 19. Rd1 Rxe2+ 20. Kf1 Ne4
21. Bxd8 Rxf2+ 22. Ke1 Ne5 23. Bh4 Nf3# 0-1

[Event "Challenge"]
[Site "http://www.queenalice.com/game.php?id=367243"]
[Date "2008.3.7"]
[Round "-"]
[White "MurielleLyon"]
[Black "moroconvich"]
[Result "0-1"]
[WhiteElo "1624"]
[BlackElo "1246"]

1. e4 e6 2. d3 c5 3. Be3 d5 4. exd5 exd5 5. Nc3 d4 6. Bf4 dxc3 7. bxc3 Bd6 8.
Qe2+ Ne7 9. Bg5 O-O 10. Rb1 Nbc6 11. Qh5 Qa5 12. Ne2 Qxa2 13. Rb3 Qxc2 14. Ra3
c4 15. dxc4 Bxa3 16. Nf4 Qxc3+ 17. Kd1 Qc1+ 18. Ke2 Nd4+ 19. Kd3 Bf5+ 20. Kxd4
Nc6+ 21. Kd5 Qd1+ 22. Qxd1 Rfd8+ 23. Bxd8 Rxd8# 0-1

[Event "blindSimultaneous#1"]
[Site "http://www.queenalice.com/game.php?id=513619"]
[Date "2008.12.28"]
[Round "-"]
[White "moroconvich"]
[Black "anetta007"]
[Result "1-0"]
[WhiteElo "1377"]
[BlackElo "1745"]

1. e4 c5 2. c3 d6 3. d4 cxd4 4. cxd4 e6 5. Nc3 Nf6 6. f4 Be7 7. Nf3 a6 8. Bd3
Bd7 9. O-O Nc6 10. e5 dxe5 11. fxe5 Ng8 12. Ne4 Qb6 13. Be3 g6 14. Qd2 Bf8 15.
d5 exd5 16. Bxb6 dxe4 17. Bxe4 Be7 18. Bd5 Bf8 19. Bxf7+ Kxf7 20. Qxd7+ Nge7 21.
Ng5+ Kg7 22. Rf7+ Kh6 23. Qh3+ Kxg5 24. Be3# 1-0

[Event "blindSimultaneous#2"]
[Site "http://www.queenalice.com/game.php?id=513620"]
[Date "2008.12.28"]
[Round "-"]
[White "anetta007"]
[Black "moroconvich"]
[Result "0-1"]
[WhiteElo "1711"]
[BlackElo "1347"]

1. e4 c5 2. Nf3 e6 3. d4 cxd4 4. Nxd4 Nf6 5. e5 Qa5+ 6. Bd2 Qxe5+ 7. Be3 Nc6 8.
Nxc6 bxc6 9. c3 Bc5 10. Qe2 Bxe3 11. fxe3 Rb8 12. Na3 d5 13. Qf3 Rxb2 14. Nc4
Qxc3+ 15. Nd2 Qxd2# 0-1

[Event "blindSimultaneous#3"]
[Site "http://www.queenalice.com/game.php?id=513621"]
[Date "2008.12.28"]
[Round "-"]
[White "moroconvich"]
[Black "dtrainey"]
[Result "1-0"]
[WhiteElo "1287"]
[BlackElo "1694"]

1. e4 c5 2. c3 a6 3. d4 d6 4. Nf3 h6 5. dxc5 e5 6. cxd6 Qxd6 7. Qxd6 Bxd6 8.
Nbd2 Nf6 9. Nc4 Nxe4 10. Bd3 Bf5 11. Bxe4 Bxe4 12. Nxd6+ Ke7 13. Nxe4 Rd8 14.
O-O f5 15. Ng3 1-0

[Event "blindSimultaneous#4"]
[Site "http://www.queenalice.com/game.php?id=513622"]
[Date "2008.12.28"]
[Round "-"]
[White "dtrainey"]
[Black "moroconvich"]
[Result "0-1"]
[WhiteElo "1694"]
[BlackElo "1287"]

1. c4 e6 2. d4 c5 3. d5 exd5 4. cxd5 d6 5. e4 g6 6. Bd2 Bg7 7. Nf3 Bxb2 8. Na3
Bg7 9. Rb1 Nf6 10. Bd3 O-O 11. h3 Re8 12. Bg5 Qa5+ 13. Qd2 Qxa3 14. Rb3 Qa4 15.
Bb5 Qxe4+ 16. Re3 Qb1+ 17. Qd1 Rxe3+ 18. Bxe3 Qxb5 0-1

[Event "blindSimultaneous#5"]
[Site "http://www.queenalice.com/game.php?id=513623"]
[Date "2008.12.28"]
[Round "-"]
[White "moroconvich"]
[Black "jose50"]
[Result "1-0"]
[WhiteElo "1317"]
[BlackElo "1899"]

1. e4 e5 2. Nf3 Nc6 3. Bb5 Bc5 4. O-O d6 5. d4 exd4 6. Nxd4 Bd7 7. Bxc6 Bxd4 8.
Bxd7+ Qxd7 9. Qxd4 Ne7 10. Bg5 O-O 11. Bxe7 1-0

[Event "blindSimultaneous#6"]
[Site "http://www.queenalice.com/game.php?id=513624"]
[Date "2008.12.28"]
[Round "-"]
[White "jose50"]
[Black "moroconvich"]
[Result "0-1"]
[WhiteElo "1869"]
[BlackElo "1455"]

1. e4 e6 2. d4 d5 3. e5 c5 4. Nf3 Nc6 5. Bb5 Bd7 6. Bxc6 bxc6 7. c3 Nh6 8. Bxh6
gxh6 9. Nbd2 Rb8 10. Qc2 Qb6 11. O-O-O cxd4 12. Nxd4 c5 13. N4f3 Bg7 14. Nb3 Ba4
0-1

[Event "blindSimultaneous#7"]
[Site "http://www.queenalice.com/game.php?id=513625"]
[Date "2008.12.28"]
[Round "-"]
[White "moroconvich"]
[Black "lafasouza"]
[Result "1-0"]
[WhiteElo "1485"]
[BlackElo "1732"]

1. e4 e5 2. Nf3 Nc6 3. Bb5 Qf6 4. d4 exd4 5. O-O a6 6. Bxc6 dxc6 7. Bg5 Qd6 8.
Qxd4 Qxd4 9. Nxd4 Bc5 10. Nb3 Bb6 11. Nc3 f6 12. Bf4 a5 13. Na4 Ne7 14. Nxb6
cxb6 15. a4 Be6 16. Bc7 Bc4 17. Rfd1 Bxb3 18. cxb3 Kf7 19. Bxb6 f5 20. Rd7 fxe4
21. Re1 Ke6 22. Rxb7 Rhe8 23. Rxe4+ Kf5 24. Rbxe7 Rxe7 25. Rxe7 Kf6 26. Rc7 Re8
27. Rxc6+ Kf7 28. Bxa5 Re2 29. Bc3 Rc2 30. g3 Rc1+ 31. Kg2 h5 32. h4 g6 33. a5
Rd1 34. a6 Rd7 35. b4 Kg8 36. b5 Kh7 37. b6 Kh6 38. a7 Rd8 39. b7 Rd7 40. b8=Q
Rh7 41. Qf4# 1-0

[Event "blindSimultaneous#8"]
[Site "http://www.queenalice.com/game.php?id=513626"]
[Date "2008.12.28"]
[Round "-"]
[White "karpovl"]
[Black "moroconvich"]
[Result "0-1"]
[WhiteElo "1629"]
[BlackElo "1407"]

1. e4 e6 2. e5 d6 3. Qh5 dxe5 4. Qxe5 Nc6 5. Bb5 Bd7 6. Bxc6 Bxc6 7. d4 Bxg2 8.
Qb5+ Qd7 9. a4 Bxh1 10. f3 O-O-O 11. Be3 Nf6 12. Bg5 Qxd4 13. Nd2 Qxg1+ 14. Nf1
Bxf3 15. Be3 Qg2 16. Bf2 Ne4 17. Qc4 Qxf2# 0-1

[Event "blindSimultaneous#9"]
[Site "http://www.queenalice.com/game.php?id=513627"]
[Date "2008.12.28"]
[Round "-"]
[White "moroconvich"]
[Black "polaris"]
[Result "0-1"]
[WhiteElo "1511"]
[BlackElo "2309"]

1. e4 d5 2. exd5 Qxd5 3. Nc3 Qa5 4. d4 Nf6 5. Bd2 c6 6. Bc4 Bf5 7. Nd5 Qd8 8.
Nxf6+ gxf6 9. Nf3 Nd7 10. c3 Nb6 11. Bb3 e6 12. Nh4 Bg6 13. Qf3 Bd6 14. O-O f5
15. g3 Qf6 16. Ng2 O-O-O 17. Bf4 Qe7 0-1

[Event "blindSimultaneous#0"]
[Site "http://www.queenalice.com/game.php?id=513628"]
[Date "2008.12.28"]
[Round "-"]
[White "karpovl"]
[Black "moroconvich"]
[Result "0-1"]
[WhiteElo "1604"]
[BlackElo "1432"]

1. e4 c5 2. d4 e6 3. Nf3 cxd4 4. Qxd4 Nc6 5. Qc4 d5 6. exd5 exd5 7. Qa4 Nf6 8.
Bg5 h6 9. Bh4 Be7 10. Ne5 O-O 11. Nxc6 bxc6 12. Qxc6 Bd7 13. Qa6 Rb8 14. Bxf6
Bxf6 15. Be2 Bxb2 16. O-O Bxa1 17. c3 Bf5 18. Bd3 Rb6 19. Qa3 Bxd3 20. Rd1 Rxb1
21. Rxb1 Bxb1 22. Qc1 Re8 23. Qxb1 Bxc3 24. g3 Re1+ 0-1